Introduction to chemical engineering kinetics and reactor design / (Record no. 18545)
[ view plain ]
| 000 -LEADER | |
|---|---|
| fixed length control field | 01071cam a22002898i 4500 |
| 001 - CONTROL NUMBER | |
| control field | 17800933 |
| 005 - DATE AND TIME OF LATEST TRANSACTION | |
| control field | 20151015105345.0 |
| 008 - FIXED-LENGTH DATA ELEMENTS--GENERAL INFORMATION | |
| fixed length control field | 130703t2014 njuadk frb 001 0 eng d |
| 010 ## - LIBRARY OF CONGRESS CONTROL NUMBER | |
| LC control number | 2013023526 |
| 020 ## - INTERNATIONAL STANDARD BOOK NUMBER | |
| International Standard Book Number | 9781118368251 |
| 040 ## - CATALOGING SOURCE | |
| Original cataloging agency | DLC |
| Language of cataloging | eng |
| Transcribing agency | DLC |
| Modifying agency | EG-ScBUE |
| 082 04 - DEWEY DECIMAL CLASSIFICATION NUMBER | |
| Classification number | 660.2832 |
| Edition number | 22 |
| Item number | HIL |
| 100 1# - MAIN ENTRY--PERSONAL NAME | |
| Personal name | Hill, Charles G., |
| Dates associated with a name | 1937- |
| 9 (RLIN) | 36438 |
| 245 10 - TITLE STATEMENT | |
| Title | Introduction to chemical engineering kinetics and reactor design / |
| Statement of responsibility, etc | Charles G. Hill, Thatcher W. Root. |
| 246 34 - VARYING FORM OF TITLE | |
| Title proper/short title | Introduction to chemical engineering kinetics & reactor design |
| 250 ## - EDITION STATEMENT | |
| Edition statement | 2nd ed. |
| 260 ## - PUBLICATION, DISTRIBUTION, ETC. (IMPRINT) | |
| Place of publication, distribution, etc | Hoboken : |
| Name of publisher, distributor, etc | John Wiley & Sons, |
| Date of publication, distribution, etc | c.2014. |
| 300 ## - PHYSICAL DESCRIPTION | |
| Extent | xiii, 557 p. : |
| Other physical details | charts, forms, tables ; |
| Dimensions | 29 cm. |
| 500 ## - GENERAL NOTE | |
| General note | Includes appendixes. |
| 504 ## - BIBLIOGRAPHY, ETC. NOTE | |
| Bibliography, etc | Includes bibliographical references and indexes. |
| 650 #7 - SUBJECT ADDED ENTRY--TOPICAL TERM | |
| Topical term or geographic name as entry element | Chemical kinetics. |
| 9 (RLIN) | 6220 |
| Source of heading or term | BUEsh |
| 650 #7 - SUBJECT ADDED ENTRY--TOPICAL TERM | |
| Topical term or geographic name as entry element | Chemical reactors |
| General subdivision | Design and construction. |
| 9 (RLIN) | 33727 |
| Source of heading or term | BUEsh |
| 653 ## - INDEX TERM--UNCONTROLLED | |
| Resource For college | Engineering, Chemical |
| Arrived date list | November2014 |
| -- | October2015 |
| 655 ## - INDEX TERM--GENRE/FORM | |
| Form subdivision | Reading book |
| -- | 34232 |
| 700 1# - ADDED ENTRY--PERSONAL NAME | |
| Personal name | Root, Thatcher W., |
| Dates associated with a name | 1957- |
| 9 (RLIN) | 36439 |
| 942 ## - ADDED ENTRY ELEMENTS (KOHA) | |
| Source of classification or shelving scheme | Dewey Decimal Classification |
| Call number prefix | 660.2832 HIL |
| Withdrawn status | Item status | Source of classification or shelving scheme | Damaged status | Not for loan | Vendor | Home library | Current library | Shelving location | Date acquired | Source of acquisition | Cost, normal purchase price | Total Checkouts | Total Renewals | Full call number | Barcode | Date last seen | Date last borrowed | Cost, replacement price | Koha item type |
|---|---|---|---|---|---|---|---|---|---|---|---|---|---|---|---|---|---|---|---|
| Dewey Decimal Classification | Baccah | Central Library | Central Library | First floor | 04/11/2014 | 1080.00 | 1 | 3 | 660.2832 HIL | 000036939 | 15/07/2025 | 25/08/2015 | 1350.00 | Book - Borrowing | |||||
| Dewey Decimal Classification | Baccah | Central Library | Central Library | First floor | 15/10/2015 | Purchase | 1 | 11 | 660.2832 HIL | 000039891 | 15/07/2025 | 31/10/2017 | Book - Borrowing | ||||||
| Dewey Decimal Classification | Baccah | Central Library | Central Library | First floor | 15/10/2015 | Purchase | 2 | 2 | 660.2832 HIL | 000039892 | 15/07/2025 | 06/09/2017 | Book - Borrowing |